MotoGP, Moto2, Moto3 : Podium de rookie - Statistiques

Statistiques générales
  • Ce quiz a été pris 56 fois
    10 depuis la dernière actualisation
  • Le résultat moyen est 34 sur 84
Statistiques - réponses
Podiums / saison Rookies Nationalité Année de rookie Catégorie % Correct
2 Alex Marquez Espagne 2020 MotoGP
100%
2 ; 7 = 9 Fabio Quartararo France 2015 ; 2019 Moto3 ; MotoGP
100%
3 Fermin Aldeguer Espagne 2025 MotoGP
100%
4 Francesco Bagnaïa Italie 2017 Moto2
100%
1 ; 11 ; 16 = 28 Marc Marquez Espagne 2008 ; 2011 ; 2013 125cm³ ; Moto2 ; MotoGP
100%
1 ; 5 = 6 Daniel Holgado Espagne 2022 ; 2025 Moto3 ; Moto2
86%
13 ; 8 = 21 Dani Pedrosa Espagne 2004 ; 2006 250cm³ ; MotoGP
86%
8 ; 5 = 13 David Alonso Colombie 2023 ; 2025 Moto3 ; Moto2
86%
3 Johann Zarco France 2017 MotoGP
86%
6 ; 6 = 12 Jorge Lorenzo Espagne 2005 ; 2008 250cm³ ; MotoGP
86%
8 ; 5 ; 5 = 18 Pedro Acosta Espagne 2021 ; 2022 ; 2024 Moto3 ; Moto2 ; MotoGP
86%
12 Raul Fernandez Espagne 2021 Moto2
86%
3 ; 1 = 4 Brad Binder Afrique du Sud 2017 ; 2020 Moto2 ; MotoGP
71%
3 Celestino Vietti Italie 2019 Moto3
71%
2 David Munoz Espagne 2022 Moto3
71%
3 ; 1 ; 2 = 6 Enea Bastianini Italie 2014 ; 2019 ; 2021 Moto3 ; Moto2 ; MotoGP
71%
2 ; 4 = 6 Jorge Martin Espagne 2019 ; 2021 Moto2 ; MotoGP
71%
1 José Antonio Rueda Espagne 2023 Moto3
71%
1 ; 1 = 2 Marco Bezzecchi Italie 2017 ; 2022 Moto3 ; MotoGP
71%
9 Maximo Quiles Espagne 2025 Moto3
71%
2 Sergio Garcia Espagne 2019 Moto3
71%
1 ; 10 = 11 Alex Rins Espagne 2012 ; 2015 Moto3 ; Moto2
57%
4 Angel Piqueras Espagne 2024 Moto3
57%
4 ; 1 = 5 Casey Stoner Australie 2003 ; 2006 125cm³ ; MotoGP
57%
2 ; 1 = 3 Collin Veijer Pays-Bas 2023 ; 2025 Moto3 ; Moto2
57%
1 Dennis Foggia Italie 2018 Moto3
57%
1 Diogo Moreira Brésil 2024 Moto2
57%
1 Ivan Ortola Espagne 2025 Moto2
57%
3 ; 4 = 7 Joan Mir Espagne 2016 ; 2018 Moto3 ; MotoGP
57%
1 ; 1 = 2 Ai Ogura Japon 2019 ; 2021 Moto3 ; Moto2
43%
5 Alonso Lopez Espagne 2022 Moto2
43%
5 Alvaro Carpe Espagne 2025 Moto3
43%
5 ; 1 = 6 Andrea Dovizioso Italie 2005 ; 2008 250cm³ ; MotoGP
43%
1 Deniz Oncü Turquie 2024 Moto2
43%
1 ; 1 = 2 Esteve Rabat Espagne 2007 ; 2011 125cm³ ; Moto2
43%
1 Izan Guevara Espagne 2021 Moto3
43%
2 Luca Lunetta Italie 2024 Moto3
43%
9 ; 9 = 18 Maverick Viñales Espagne 2011 ; 2013 125cm³ ; Moto2
43%
2 Nicky Hayden États-Unis 2003 MotoGP
43%
1 Senna Agius Australie 2024 Moto2
43%
2 Valentin Perrone Argentine 2025 Moto3
43%
1 Aleix Espargaro Espagne 2011 Moto2
29%
2 Alex De Angelis Saint-Marin 2004 250cm³
29%
1 Aron Canet Espagne 2016 Moto3
29%
3 Bradley Smith Royaume-Uni 2011 Moto2
29%
3 ; 2 = 5 Fabio Di Giannantonio Italie 2016 ; 2019 Moto3 ; Moto2
29%
1 Filip Salac Rep. Tchéque 2022 Moto2
29%
1 Guido Pini Italie 2025 Moto3
29%
1 Hector Garzo Espagne 2020 Moto2
29%
2 Hiroshi Aoyama Japon 2004 250cm³
29%
4 Jorge Navarro Espagne 2015 Moto3
29%
2 Khairul Idham Pawi Malaisie 2016 Moto3
29%
1 ; 2 = 3 Pol Espargaro Espagne 2007 ; 2011 125cm³ ; Moto2
29%
4 Romano Fenati Italie 2012 Moto3
29%
1 Scott Redding Royaume-Uni 2008 125cm³
29%
1 Shuhei Aoyama Japon 2006 250cm³
29%
1 Arthur Sissis Australie 2012 Moto3
14%
2 Ben Spies États-Unis 2010 MotoGP
14%
2 Bo Bendsneyder Pays-Bas 2016 Moto3
14%
2 Daijiro Kato Japon 2002 MotoGP
14%
1 Jérémy Alcoba Espagne 2020 Moto3
14%
1 ; 2 ; 1 = 4 Jonas Folger Allemagne 2009 ; 2014 ; 2017 125cm³ ; Moto2 ; MotoGP
14%
3 Jordi Torres Espagne 2013 Moto2
14%
1 Kenan Sofuoglu Turquie 2011 Moto2
14%
2 Luis Salom Espagne 2014 Moto2
14%
1 Makoto Tamada Japon 2003 MotoGP
14%
10 Manuel Poggiali Saint-Marin 2003 250cm³
14%
2 Mike Di Méglio France 2009 250cm³
14%
1 Nicolas Terol Espagne 2012 Moto2
14%
2 Nicolo Bulega Italie 2016 Moto3
14%
1 Thomas Luthi Suisse 2003 125cm³
14%
5 Toni Elias Espagne 2002 250cm³
14%
1 Xavier Artigas Espagne 2021 Moto3
14%
7 Alvaro Bautista Espagne 2007 250cm³
0%
1 Gino Rea Royaume-Uni 2012 Moto2
0%
3 Hector Faubel Espagne 2005 125cm³
0%
4 Mattia Pasini Italie 2008 250cm³
0%
2 Michele Pirro Italie 2011 Moto2
0%
4 ; 1 = 5 Mika Kallio Finlande 2007 ; 2011 250cm³ ; Moto2
0%
2 Raffaele de Rosa Italie 2009 250cm³
0%
1 Randy Krummenacher Suisse 2007 125cm³
0%
1 Ruben Xaus Espagne 2004 MotoGP
0%
2 Tomoyoshi Koyama Japon 2005 125cm³
0%
3 Troy Bayliss Australie 2003 MotoGP
0%
Aucun quiz correspondant
Distribution des résultats
% des personnes avec chaque résultat
Percentile par nombre de réponses
Votre historique - résultats
Vous n’avez pas pris ce quiz depuis la dernière actualisation